| 000 -LEADER |
| fixed length control field |
01616cam a2200325 i 4500 |
| 001 - CONTROL NUMBER |
| control field |
21548710 |
| 003 - CONTROL NUMBER IDENTIFIER |
| control field |
KWIU |
| 005 - DATE AND TIME OF LATEST TRANSACTION |
| control field |
20241223101631.0 |
| 008 - FIXED-LENGTH DATA ELEMENTS--GENERAL INFORMATION |
| fixed length control field |
200601s2021 paua b 001 0 eng |
| 010 ## - LIBRARY OF CONGRESS CONTROL NUMBER |
| LC control number |
2020939762 |
| 020 ## - INTERNATIONAL STANDARD BOOK NUMBER |
| International Standard Book Number |
9780323673464 |
| Qualifying information |
(hardcover) |
| 040 ## - CATALOGING SOURCE |
| Original cataloging agency |
DLC |
| Language of cataloging |
eng |
| Description conventions |
rda |
| Transcribing agency |
DLC |
| 042 ## - AUTHENTICATION CODE |
| Authentication code |
pcc |
| 050 00 - LIBRARY OF CONGRESS CALL NUMBER |
| Classification number |
QM25 |
| Item number |
.N48 2021 |
| 080 ## - UNIVERSAL DECIMAL CLASSIFICATION NUMBER |
| Universal Decimal Classification number |
617 D-34 |
| 245 00 - TITLE STATEMENT |
| Title |
Netter's surgical anatomy and approaches / |
| Statement of responsibility, etc. |
Conor P. Delaney, MD, MCh, PhD, FACS, FRCSI, FASCRS, FRCSI (Hon), Chairman, Digestive Disease and Surgery Institute, Cleveland Clinic, Victor W. Fazio Endowed Professor of Colorectal Surgery, Cleveland Clinic Lerner College of Medicine, Cleveland, Ohio ; illustrations by Frank H. Netter, MD, contributing illustrators Carlos A.G. Machado, MD, Kristen Wienandt Marzejon, MS, MFA, James A. Perkins, MS, MFA, John A. Craig, MD, Paul Kim, MS, Sara M. Jarret, MFA. |
| 246 1# - VARYING FORM OF TITLE |
| Title proper/short title |
Surgical anatomy and approaches |
| 250 ## - EDITION STATEMENT |
| Edition statement |
2nd edition. |
| 264 #1 - PRODUCTION, PUBLICATION, DISTRIBUTION, MANUFACTURE, AND COPYRIGHT NOTICE |
| Place of production, publication, distribution, manufacture |
Philadelphia, PA : |
| Name of producer, publisher, distributor, manufacturer |
Elsevier, |
| Date of production, publication, distribution, manufacture, or copyright notice |
[2021] |
| 300 ## - PHYSICAL DESCRIPTION |
| Extent |
xxii, 746 pages : |
| Other physical details |
color illustrations ; |
| Dimensions |
29 cm |
| 336 ## - CONTENT TYPE |
| Content type term |
text |
| Content type code |
txt |
| Source |
rdacontent |
| 500 ## - GENERAL NOTE |
| General note |
Revised edition of: Netter's surgical anatomy and approaches / Conor P. Delaney. [2014]. |
| 504 ## - BIBLIOGRAPHY, ETC. NOTE |
| Bibliography, etc. note |
Includes bibliographical references and index. |
| 650 #0 - SUBJECT ADDED ENTRY--TOPICAL TERM |
| Topical term or geographic name entry element |
Human anatomy |
| Form subdivision |
Atlases. |
| 700 1# - ADDED ENTRY--PERSONAL NAME |
| Personal name |
Delaney, C. P. |
| Fuller form of name |
(Conor Patrick), |
| Relator term |
editor. |
| 700 1# - ADDED ENTRY--PERSONAL NAME |
| Personal name |
Netter, Frank H. |
| Fuller form of name |
(Frank Henry), |
| Dates associated with a name |
1906-1991, |
| Relator term |
illustrator. |
| 906 ## - LOCAL DATA ELEMENT F, LDF (RLIN) |
| a |
7 |
| b |
cbc |
| c |
orignew |
| d |
2 |
| e |
epcn |
| f |
20 |
| g |
y-gencatlg |
| 942 ## - ADDED ENTRY ELEMENTS (KOHA) |
| Source of classification or shelving scheme |
|
| Koha item type |
Books |